Análisis del reglamento general del servicio universal telefónico (Registro nro. 23180)

Detalles MARC
000 -LEADER
fixed length control field 00368 a2200109 4500
001 - CONTROL NUMBER
control field ART_10635
005 - DATE AND TIME OF LATEST TRANSACTION
control field 20260410161830.0
008 - FIXED-LENGTH DATA ELEMENTS--GENERAL INFORMATION
fixed length control field 260409a
100 1# - MAIN ENTRY--PERSONAL NAME
Personal name Ceballos Ferroglio, Carlos
245 10 - TITLE STATEMENT
Title Análisis del reglamento general del servicio universal telefónico
773 0# - HOST ITEM ENTRY
Title Actualidad Económica
Related parts - Año X, Nº 47 (ene./abr. 2000)
Record control number REV5083

No hay ítems disponibles.